Normal view
MARC view
- Esposito, Dino
Entry Personal Name
001 - CONTROL NUMBER
- control field: 100745
003 - CONTROL NUMBER IDENTIFIER
- control field: NUST
005 - DATE AND TIME OF LATEST TRANSACTION
- control field: 20221019101101.0
008 - FIXED-LENGTH DATA ELEMENTS
- fixed length control field: 221019|| aca||aabn | a|a d
040 ## - CATALOGING SOURCE
- Original cataloging agency: NUST
- Transcribing agency: NUST
100 ## - HEADING--PERSONAL NAME
- Personal name: Esposito, Dino
670 ## - SOURCE DATA FOUND
- Source citation: Work cat.: (NUST)219334: Esposito, Dino,, Building Web solutions with ASP.NET and ADO.NET / , 2002.
